ბათუმის შოთა რუსთაველის სახელმწიფო უნივერსიტეტის ბიბლიოთეკა

ჩემი საუნჯე. (ბიბ.ჩანაწერი № 41816)

000 -LEADER
fixed length control field 00761nam a2200229Ia 4500
001 - CONTROL NUMBER
control field 8499
003 - CONTROL NUMBER IDENTIFIER
control field GE_BSU
008 - FIXED-LENGTH DATA ELEMENTS--GENERAL INFORMATION
fixed length control field 181216s||||||||xx |||||||||||||| ||und||
040 ## - CATALOGING SOURCE
Transcribing agency GE_BSU
080 ## - UNIVERSAL DECIMAL CLASSIFICATION NUMBER
Universal Decimal Classification number 821.353.1-1
100 ## - MAIN ENTRY--PERSONAL NAME
Personal name ვარშანიძე,მამია.
245 ## - TITLE STATEMENT
Title ჩემი საუნჯე.
245 ## - TITLE STATEMENT
Remainder of title ლექსები.
245 ## - TITLE STATEMENT
Statement of responsibility, etc. რედ:მამია ხარაზი;მხატვ:რობერტ ლომაძე.
260 ## - PUBLICATION, DISTRIBUTION, ETC.
Place of publication, distribution, etc. ბათუმი.
260 ## - PUBLICATION, DISTRIBUTION, ETC.
Name of publisher, distributor, etc. აჭარის ჟურნალ-გაზეთების გამ-ბა.
260 ## - PUBLICATION, DISTRIBUTION, ETC.
Date of publication, distribution, etc. 1992.
300 ## - PHYSICAL DESCRIPTION
Extent 331გვ;20სმ.
653 ## - INDEX TERM--UNCONTROLLED
Uncontrolled term ლექსები.
653 ## - INDEX TERM--UNCONTROLLED
Uncontrolled term ჩემი საუნჯე.
942 ## - ADDED ENTRY ELEMENTS (KOHA)
Koha item type წიგნი
ეგზემპლარები
Withdrawn status Lost status Damaged status Not for loan Date acquired Barcode Date last seen Price effective from Koha item type
        2018-12-17 30715 2018-12-17 2018-12-17 წიგნი
        2018-12-17 30716 2018-12-17 2018-12-17 წიგნი
        2018-12-17 30717 2018-12-17 2018-12-17 წიგნი
        2018-12-17 30718 2018-12-17 2018-12-17 წიგნი
        2018-12-17 30719 2018-12-17 2018-12-17 წიგნი
        2018-12-17 30720 2018-12-17 2018-12-17 წიგნი
        2018-12-17 30721 2018-12-17 2018-12-17 წიგნი
        2018-12-17 30722 2018-12-17 2018-12-17 წიგნი
        2018-12-17 30723 2018-12-17 2018-12-17 წიგნი
        2018-12-17 30724 2018-12-17 2018-12-17 წიგნი
        2018-12-17 30725 2018-12-17 2018-12-17 წიგნი
        2018-12-17 30726 2018-12-17 2018-12-17 წიგნი
        2018-12-17 30727 2018-12-17 2018-12-17 წიგნი
        2018-12-17 30728 2018-12-17 2018-12-17 წიგნი
        2018-12-17 30729 2018-12-17 2018-12-17 წიგნი
        2018-12-17 30730 2018-12-17 2018-12-17 წიგნი
        2018-12-17 30731 2018-12-17 2018-12-17 წიგნი
        2018-12-17 30732 2018-12-17 2018-12-17 წიგნი
        2018-12-17 30733 2018-12-17 2018-12-17 წიგნი
        2018-12-17 30734 2018-12-17 2018-12-17 წიგნი
        2018-12-17 30735 2018-12-17 2018-12-17 წიგნი
        2018-12-17 30819 2018-12-17 2018-12-17 წიგნი